[Event "36th Mitropa Cup Open 2018"]
[Site "Isola Capo Rizzuto"]
[Date "2018.05.31"]
[Round "1.1"]
[White "Gozzoli, Yannick"]
[Black "Mihok, Oliver"]
[Result "1/2-1/2"]
[WhiteElo "2598"]
[BlackElo "2550"]
[Annotator "TA"]
[PlyCount "94"]
[EventDate "2018.05.31"]
[EventType "team-tourn"]
[EventCountry "ITA"]
[SourceTitle "playchess.com"]
[Source "ChessBase"]
[SourceQuality "1"]
[WhiteTeam "France"]
[BlackTeam "Hungary"]
[WhiteTeamCountry "FRA"]
[BlackTeamCountry "HUN"]

{[%evp 17,94,0,0,0,0,0,0,0,0,0,0,-8,-11,-11,-17,-17,-2,-7,0,0,0,0,0,0,0,0,0,0,0,0,0,0,0,0,0,0,0,-7,-6,-7,0,-32,-15,-20,0,-38,0,0,0,0,0,0,0,0,0,0,0,0,0,0,0,-38,0,-53,0,-47,0,0,0,0,0,0,0,0,0,0,0,0,0]} 1. d4 Nf6 2. c4 g6 3. Nc3 Bg7 4. e4 d6 5. Nf3 O-O 6. Be2 Bg4 7. Be3 Nfd7 8. d5 {E91: King's Indian: Classical: 6 Be2, unusual replies including 6...c5 and 6...Bg4} (8. Rc1 c5 9. d5 Na6 10. O-O Nc7 11. h3 Bxf3 12. Bxf3 Re8 13. Be2 a6 14. Qd2 e6 15. Rfe1 exd5 16. exd5 Qh4 17. Bg4 Rxe3 18. Qxe3 {0-1 (35) Brown,M (2506)-Mamedyarov,S (2804) chess.com INT 2018}) 8... Bxc3+ 9. bxc3 Na6 {LiveBook: 4 Games} 10. Ng5 Bxe2 11. Qxe2 Nac5 12. h4 {Hoping for h5.} h6 13. Nf3 h5 {[#]} 14. e5 $1 {[%mdl 512]} e6 (14... dxe5 15. Nxe5) 15. dxe6 Nxe6 {[#]} ({Of course not} 15... fxe6 $6 16. O-O-O $16) 16. Rd1 $146 Qe7 17. exd6 cxd6 18. Bg5 Qe8 19. Be3 Qe7 20. O-O Ne5 21. Nxe5 dxe5 22. g3 Qc7 23. Rd5 Rac8 24. c5 Rfd8 25. Rfd1 Rxd5 26. Rxd5 Rd8 27. Qd1 Rxd5 28. Qxd5 a6 29. Kf1 Kf8 30. Ke2 Ke7 31. Kd3 f6 32. c4 Qc6 33. Kc3 Qd7 34. Kb4 Nd8 35. Kc3 Ne6 36. a3 Nd8 37. f4 Qe6 38. Kb3 e4 39. Kc2 Nc6 40. Kc3 ({Better is} 40. Kb3 $11) 40... f5 ({Black should try} 40... Kf7 $1 $15) 41. Kc2 Na5 42. Bd4 {The position is equal.} Nc6 43. Be5 Kf7 44. Kc3 Ke7 45. Kc2 Kf7 46. Kc3 Ke7 47. Kc2 Kf7 {Precision: White = 72%, Black = 61%.} 1/2-1/2

[Event "36th Mitropa Cup Open 2018"]
[Site "Isola Capo Rizzuto"]
[Date "2018.05.31"]
[Round "1.2"]
[White "Kantor, Gergely"]
[Black "Velten, Paul"]
[Result "1/2-1/2"]
[WhiteElo "2519"]
[BlackElo "2458"]
[Annotator "TA"]
[PlyCount "77"]
[EventDate "2018.05.31"]
[EventType "team-tourn"]
[EventCountry "ITA"]
[SourceTitle "playchess.com"]
[Source "ChessBase"]
[SourceQuality "1"]
[WhiteTeam "Hungary"]
[BlackTeam "France"]
[WhiteTeamCountry "HUN"]
[BlackTeamCountry "FRA"]

{[%evp 21,77,11,8,-10,4,6,7,-39,-18,-5,0,-12,-20,-50,-39,-106,-43,-58,0,-18,0,0,0,-4,0,-6,0,0,0,0,0,-12,0,0,10,0,0,-7,-6,-16,-7,-4,-7,-14,0,-6,-17,-19,0,0,8,-8,0,-33,-8,-16,0,0]} 1. d4 Nf6 2. c4 e6 3. g3 d5 4. Bg2 Bb4+ 5. Nd2 O-O 6. Ngf3 b6 7. O-O Bb7 8. b3 {[%cal Bb2b3,Bb3b4][%mdl 32]} c5 9. dxc5 Bxc5 10. cxd5 Bxd5 11. Bb2 {E16: Queen's Indian: 4 g3 Bb7 5 Bg2 Bb4+} Nbd7 {LiveBook: 5 Games} 12. Qb1 (12. Rc1 Rc8 13. Nc4 Qe7 14. Qc2 b5 15. Ne3 Be4 16. Qd2 Rfd8 {0-1 (51) Iturrizaga Bonelli,E (2603)-Simonian,H (2468) ICC INT 2011}) 12... Bb7 13. b4 Be7 14. e4 Rc8 15. a3 a5 $146 ({Predecessor:} 15... Qc7 16. Nd4 {½-½ (16) Koutsin,S (2435)-Chernuschevich,A (2380) Minsk 1996}) 16. Rd1 Qc7 17. bxa5 bxa5 18. Nd4 (18. Bd4 $15) 18... Qb8 ({Black should try} 18... a4 $17 19. N4f3 Ba6) 19. a4 $15 Qa8 20. Nb5 Rfd8 21. f3 Bc6 22. Nb3 Nb6 23. Bd4 {[#]} Nxa4 $1 {[%mdl 512]} 24. Rxa4 Bxb5 25. Rxa5 Qb8 {aiming for ...Bc4.} 26. Ba7 Rxd1+ 27. Qxd1 Qc7 {With the idea ...Bc4.} 28. Be3 Qc3 29. Bd2 Qc6 {[#] And now ...Qb6+ would win.} 30. Be3 Ba4 {Strongly threatening ...Qc4.} 31. Qd3 $1 Bb4 32. Ra6 Qe8 33. Rb6 Bf8 {Hoping for ...Nd7.} 34. Nd2 h6 35. Rb2 e5 36. Nf1 Nd7 37. Qe2 Nc5 38. Bh3 $1 {[%cal Rh3c8]} Bd7 39. Bxd7 {Precision: White = 58%, Black = 19%.} 1/2-1/2

[Event "36th Mitropa Cup Open 2018"]
[Site "Isola Capo Rizzuto"]
[Date "2018.05.31"]
[Round "1.3"]
[White "Sochacki, Christophe"]
[Black "Korpa, Bence"]
[Result "0-1"]
[WhiteElo "2459"]
[BlackElo "2497"]
[Annotator "TA"]
[PlyCount "128"]
[EventDate "2018.05.31"]
[EventType "team-tourn"]
[EventCountry "ITA"]
[SourceTitle "playchess.com"]
[Source "ChessBase"]
[SourceQuality "1"]
[WhiteTeam "France"]
[BlackTeam "Hungary"]
[WhiteTeamCountry "FRA"]
[BlackTeamCountry "HUN"]

{[%evp 16,128,48,37,53,47,51,0,33,0,0,0,0,0,0,0,0,0,0,0,0,0,0,0,0,0,0,0,16,0,45,38,38,38,41,37,104,54,74,59,124,98,113,113,119,75,145,160,162,159,166,160,159,95,180,30,8,21,10,0,0,0,0,0,202,228,340,202,209,202,209,201,201,211,157,203,180,152,205,0,0,0,0,0,0,-17,-13,-1738,-1545,-1707,-899,-4129,-3636,-1782,-1588,-4129,-1588,-5081,-4733,-5073,-4952,-10724,-10724,-29968,-29969,-29967,-29970,-29969,-29971,-29970,-29972,-29972,-29972,-12832,-12307]} 1. Nf3 c5 2. e4 e6 3. d4 cxd4 4. Nxd4 Nc6 5. Nc3 Qc7 6. Be3 Nf6 7. Qf3 {B48: Sizilianisch (Paulsen-Variante)} a6 8. O-O-O Rb8 (8... Ne5 9. Qg3 b5 10. a3 Bb7 11. Bxb5 Rc8 12. Ba4 Nxe4 13. Nxe4 Bxe4 14. Bf4 Qc4 15. Bxe5 Qxa4 {1-0 (38) Vachier Lagrave,M (2789)-Anand,V (2776) Karlsruhe/Baden-Baden 2018}) 9. Be2 {LiveBook: 3 Partien. Weiß steht etwas besser.} Bb4 10. Nxc6 bxc6 11. Bd4 Bd6 $1 {[%cal Bb4d6,Bd6f4,Bf4e5,Be5d4][%mdl 32]} 12. Qd3 Bf4+ 13. Kb1 $146 ({Vorgänger:} 13. Be3 O-O 14. g3 Be5 {½-½ (22) Sylvan,J (2334)-Nagy,G (2478) Fredericia 2018}) 13... c5 (13... Qb7 $6 14. Na4 $16) 14. Bxf6 $1 gxf6 15. g3 Be5 {Weiss muss nun ...Da5 beachten.} 16. f4 $1 {[%cal Rf4e5]} Bd4 $1 17. Na4 Bb7 18. c3 f5 19. exf5 Bxh1 20. cxd4 c4 21. Qe3 {Droht d5 und aus.} Bd5 22. Nc3 $36 {[%mdl 2048] Weiss steht aktiver.} Qd6 (22... O-O {feels hotter.} 23. fxe6 dxe6 24. f5 Qd8 25. Ka1 exf5 26. Qf4 Qd7) 23. Qe5 Qxe5 24. dxe5 Bb7 25. f6 {[%mdl 1024] Weiss hat Kompensation.} Rc8 (25... d5 $14) 26. Bh5 {zielt auf Lxf7+! ab.} Rf8 27. Rd4 Rc7 (27... Bg2 $14) 28. Kc2 Kd8 29. Na4 Bd5 30. g4 Bf3 (30... Rc6 $142) 31. Kc3 $16 Rc6 32. Rxc4 Rxc4+ 33. Kxc4 $18 {[%mdl 4096] Endspiel KTL-KLS} Kc7 34. Kc5 (34. Kd4 $142) 34... Be4 (34... Rb8 $16) 35. g5 ({Günstiger ist} 35. Nb6 $18) 35... Bg6 $11 36. Be2 Rd8 37. h4 d6+ 38. exd6+ Rxd6 39. Nc3 h5 $2 (39... Rd2 $11 {und Schwarz steht sicher.}) 40. gxh6 $18 Rd8 (40... Rd2 $142 41. b4 (41. Bxa6 Rh2 $16) 41... Rc2) 41. h5 (41. Bxa6 $142 Rh8 42. Nb5+ Kd8 43. f5 exf5 44. Bb7) 41... Bc2 42. Bxa6 Rh8 43. Nb5+ Kd7 44. Nd6 Rxh6 {[#]} 45. Bb5+ $1 Kc7 46. Be2 ({Schwächer ist} 46. Nxf7 Rxf6 47. Nd6 Rxf4 $11) 46... Ba4 {[#]} 47. Nxf7 $2 ({Weiss braucht} 47. Ne4 $1 $18) 47... Rxf6 $11 48. Ng5 Rf5+ 49. Kd4 e5+ 50. Kc3 ({Ein No Go ist} 50. fxe5 Rxg5 51. b3 Bd7 $17) 50... exf4 51. h6 $2 {[%mdl 8192]} (51. Ne6+ $11 Kd6 52. Nd4) 51... Rxg5 $19 52. h7 Rg3+ 53. Bd3 Rh3 54. Kd4 Kd6 55. b4 Bd7 56. b5 Kc7 57. a4 Kb6 58. Bg6 Bg4 59. Ke4 f3 60. Ke3 Rh2 61. Bd3 f2 62. h8=Q Rxh8 63. Kxf2 Rh3 64. Be4 Ra3 {Precision: Weiß = 35%, Schwarz = 64%.} 0-1

[Event "36th Mitropa Cup Open 2018"]
[Site "Isola Capo Rizzuto"]
[Date "2018.05.31"]
[Round "1.4"]
[White "Nagy, Gabor"]
[Black "Guidarelli, Laurent"]
[Result "1/2-1/2"]
[WhiteElo "2478"]
[BlackElo "2464"]
[Annotator "TA"]
[PlyCount "177"]
[EventDate "2018.05.31"]
[EventType "team-tourn"]
[EventCountry "ITA"]
[SourceTitle "playchess.com"]
[Source "ChessBase"]
[SourceQuality "1"]
[WhiteTeam "Hungary"]
[BlackTeam "France"]
[WhiteTeamCountry "HUN"]
[BlackTeamCountry "FRA"]

{[%evp 15,177,0,20,-6,-6,-2,-2,-7,-7,0,0,0,0,3,3,0,40,-9,5,0,51,53,68,55,62,67,61,52,57,52,61,64,57,53,57,51,46,39,52,0,23,23,23,23,27,31,27,0,0,0,75,70,68,72,62,70,75,27,31,27,39,42,53,52,104,104,104,104,104,104,104,104,104,104,104,104,104,104,104,93,93,93,93,90,90,90,82,37,106,8,8,6,8,0,53,53,62,62,62,62,62,62,62,62,62,62,62,62,62,62,62,62,62,62,62,62,62,62,62,62,62,62,62,62,62,62,62,62,62,62,62,62,62,62,62,62,62,62,62,62,62,62,62,62,62,62,62,62,62,62,62,62,62,62,62,62,62,62,69,69,69,8,8,8]} 1. Nf3 f5 2. g3 Nf6 3. Bg2 e6 4. O-O Be7 5. c4 O-O 6. Nc3 d5 7. d3 d4 {A10: English Opening: Unusual Replies for Black} 8. Nb5 Nc6 {LiveBook: 6 Games} (8... c5 9. e3 Nc6 10. exd4 cxd4 11. Re1 a6 12. Na3 Bd6 13. Rb1 Bd7 14. Nc2 e5 15. b4 {1-0 (28) Dobrov,V (2537)-Pelletier,Y (2604) Nancy 2013}) 9. Bf4 Ne8 10. Ne5 Nxe5 11. Bxe5 Bf6 12. Bxf6 Nxf6 $146 ({Predecessor:} 12... Qxf6 13. Qd2 c6 14. Na3 e5 15. b4 {0-1 (27) Agullo Sanchez,V (2086)-Martinez Tormo,J (2188) Aragon 2003}) 13. c5 {[%cal Bc4c5,Bc5c6][%mdl 32]} a6 14. Na3 $36 {[%cal Bb5a3,Ba3c4,Bc4e5,Be5f3,Bf3d4][%mdl 2080] Black is under pressure.} f4 15. Nc4 Qe7 16. c6 b5 17. Ne5 Nd5 ({Better is} 17... Qd6 $11 18. gxf4 Nd5) 18. Qb3 $14 Qd6 19. Nf3 Qxc6 20. Nxd4 Qd6 21. Rac1 {Threatens to win with Rc6.} c5 22. Nf3 Bb7 23. Ng5 Rac8 24. a4 Qe7 25. Ne4 b4 26. a5 h5 27. Qc4 ({White should play} 27. Qc2 $14) 27... fxg3 28. hxg3 {[%cal Re4c5]} h4 29. e3 {aiming for gxh4.} hxg3 30. Nxg3 Qg5 31. Qe4 Rf6 32. Rc4 Ba8 (32... Rh6 $11) 33. Qg4 $16 Qh6 $1 34. Qh3 Qxh3 35. Bxh3 Rg6 {With the idea ...Nxe3!} 36. Re4 Kf7 37. Rc1 Rh8 38. Bg2 $1 Nf6 39. Rec4 Bxg2 (39... Nh5 $14) 40. Kxg2 Rd8 41. Rxc5 {Black must now prevent Rc7+.} Rxd3 42. Rc7+ Kg8 43. Rc8+ Kh7 44. Rh1+ Rh6 45. Rxh6+ Kxh6 {[%mdl 4096] Endgame KRN-KRN} 46. Rc6 Rd2 47. Rxa6 Rxb2 48. Rxe6 Ra2 49. Rb6 (49. a6 {with more complications.} b3 50. Ne4 b2 51. Nd2 Kh7 52. Kf3) 49... Rxa5 50. Rxb4 Kg6 51. f4 Ra3 {[#]} (51... Kf7 $14) 52. e4 (52. Nf1 $1 $16) 52... Ra2+ $11 53. Kh3 Ra3 54. f5+ Kg5 ({Black should try} 54... Kh6 $11) 55. e5 $14 g6 56. exf6 {[#] Hoping for f7.} gxf5 {KRN-KR} 57. f7 Ra8 58. Rb5 Kg6 59. Rxf5 Rf8 60. Kg4 Rxf7 61. Rb5 Rf6 62. Nh5 Rc6 63. Rf5 Rc1 64. Rf6+ Kh7 65. Rb6 Rc4+ 66. Nf4 Kg7 67. Rd6 Kf7 68. Kf5 Ke7 69. Ra6 Rc1 70. Nd5+ Kd7 71. Ke4 Re1+ 72. Ne3 Rh1 73. Nc4 Re1+ 74. Kd5 Rd1+ 75. Kc5 Rc1 76. Rh6 Ke7 77. Kd5 Rd1+ 78. Ke4 Re1+ 79. Ne3 Kd7 80. Kd4 Ra1 81. Ke5 Re1 82. Rd6+ Kc7 83. Rd3 Kc6 84. Rc3+ Kd7 85. Kd5 Rh1 86. Ng4 Rd1+ 87. Ke4 Re1+ 88. Re3 (88. Ne3 $14) 88... Rxe3+ $11 89. Nxe3 {Precision: White = 72%, Black = 73%.} 1/2-1/2

[Event "36th Mitropa Cup Open 2018"]
[Site "Isola Capo Rizzuto"]
[Date "2018.05.31"]
[Round "1.5"]
[White "Kuljasevic, Davorin"]
[Black "Dragnev, Valentin"]
[Result "1/2-1/2"]
[WhiteElo "2534"]
[BlackElo "2485"]
[Annotator "TA"]
[PlyCount "172"]
[EventDate "2018.05.31"]
[EventType "team-tourn"]
[EventCountry "ITA"]
[SourceTitle "playchess.com"]
[Source "ChessBase"]
[SourceQuality "1"]
[WhiteTeam "Croatia"]
[BlackTeam "Austria"]
[WhiteTeamCountry "CRO"]
[BlackTeamCountry "AUT"]

{[%evp 12,172,18,21,32,16,25,34,29,19,24,8,7,7,17,23,31,13,6,6,13,11,32,25,27,13,14,13,11,16,10,5,0,0,0,-20,-10,-14,0,0,9,7,22,12,121,25,148,154,139,137,228,0,102,0,168,0,0,0,0,-31,0,0,0,0,0,0,0,-7,-8,-41,-8,-13,-8,-14,0,0,0,0,0,0,0,0,0,0,0,-25,-25,-25,-25,-25,0,0,0,0,0,-25,0,0,0,-25,0,0,0,0,0,0,0,0,0,0,0,0,0,0,0,0,0,-5,0,0,0,0,0,0,0,0,0,0,0,0,0,0,0,0,0,0,0,0,0,0,0,0,0,0,0,0,0,0,0,0,0,0,0,0,0,0,0,0,0,0,0,0,0]} 1. d4 Nf6 2. c4 e6 3. Nf3 d5 4. Nc3 Be7 5. Bf4 O-O 6. e3 b6 7. Bd3 dxc4 {D37: Queen's Gambit Declined: 5 Bf4} (7... c5 8. dxc5 bxc5 9. O-O Bb7 10. cxd5 exd5 11. Qb3 Qb6 12. Qxb6 axb6 13. Rfd1 Na6 14. a3 Rfd8 15. Nb5 {½-½ (82) Tomashevsky,E (2714)-Bocharov,D (2594) Sochi 2018}) 8. Bxc4 Ba6 9. Bxa6 Nxa6 {White is slightly better.} 10. Qe2 Qc8 11. e4 c5 12. O-O cxd4 13. Nxd4 Qb7 $146 ({Predecessor:} 13... Rd8 14. Ndb5 Qb7 15. Rfd1 {½-½ (57) Galliamova,A (2450)-Ovod,E (2362) Novosibirsk 2016}) 14. Rad1 Rfd8 15. Bg5 h6 16. Bh4 Rd7 17. Ndb5 Rad8 18. Rxd7 Rxd7 19. e5 Ne8 $1 20. Bxe7 Rxe7 21. f4 {[%cal Bf2f4,Bf4f5,Bf5f6][%mdl 32]} Rd7 22. f5 Nac7 23. f6 Nxb5 24. Qxb5 a6 25. Qe2 $36 {[%mdl 2048] White has good play.} b5 26. fxg7 {Threatening Ne4.} Qb6+ 27. Kh1 {next Ne4 is good for White.} Kxg7 {[#]} (27... Nxg7 $11 {keeps the balance.} 28. Ne4 Kh8) 28. h3 (28. Qg4+ $1 $16 Kh7 29. Qe4+ Kg8 30. Qf4) 28... Qc5 {[#]} (28... Qd4 $11) 29. Qg4+ $1 $16 Kh7 30. Qe4+ Kg7 (30... Kg8 $16 {was worth a try.}) 31. Qg4+ (31. Qf4 $18 {is the precise move to win.}) 31... Kh7 $1 32. Qe4+ (32. Qf4 $16) 32... Kg7 $1 $18 33. Rf3 $2 (33. Qf4 $18) 33... Qd4 $1 $11 34. Rg3+ Kf8 35. Qe2 b4 36. Rg4 Qc5 37. Na4 Qb5 38. Qxb5 axb5 {[%mdl 4096] Endgame KRN-KRN} 39. Nc5 Rd5 40. Na6 Rxe5 (40... b3 $5 41. a3 Rxe5 $15) 41. Nxb4 Re2 42. b3 $1 {[%cal Bb2b3,Bb3a4,Ba4a5][%mdl 32]} e5 43. a4 bxa4 44. bxa4 e4 45. a5 Nd6 46. a6 Re1+ 47. Kh2 Ra1 48. Kg3 Ra4 49. Nd5 Rxa6 50. Kf4 Ra4 51. Ne3 Ra5 52. Rg3 Rc5 53. Rg4 Ra5 54. Rg3 Rb5 55. Rg4 Ke7 56. Rg8 {The position is equal.} Ke6 57. Ra8 Rb2 58. Rh8 Rf2+ 59. Kg3 Re2 60. Kf4 Rf2+ 61. Kg3 Rf6 62. Ng4 Rf1 63. Rxh6+ f6 {[%cal Bf7f6,Bf6f5][%mdl 32]} 64. Rh8 f5 65. Rh6+ Ke7 66. Rh7+ Ke6 67. Rh6+ Ke7 68. Rh7+ Kf8 (68... Ke6 $5 69. Rh6+ $8 $11) 69. Ne5 Kg8 70. Rd7 Ne8 71. Rd8 Kf8 72. Ng6+ Kf7 {Hoping for ...Nf6.} 73. Ne5+ Kf8 74. Ng6+ Kg7 {And now ...Nf6 would win.} 75. Rxe8 Kxg6 {KR-KR} 76. Re7 Kf6 77. Re8 Kf7 78. Re5 Kf6 79. Re8 e3 80. h4 Kf7 81. Re5 Kf6 82. Re8 Kg6 83. Kh3 Rh1+ 84. Kg3 Rf1 85. Kh3 Rh1+ 86. Kg3 Rf1 {Precision: White = 65%, Black = 48%.} 1/2-1/2

[Event "36th Mitropa Cup Open 2018"]
[Site "Isola Capo Rizzuto"]
[Date "2018.05.31"]
[Round "1.6"]
[White "Mesaros, Florian"]
[Black "Plenca, Jadranko"]
[Result "1/2-1/2"]
[WhiteElo "2436"]
[BlackElo "2487"]
[Annotator "TA"]
[PlyCount "82"]
[EventDate "2018.05.31"]
[EventType "team-tourn"]
[EventCountry "ITA"]
[SourceTitle "playchess.com"]
[Source "ChessBase"]
[SourceQuality "1"]
[WhiteTeam "Austria"]
[BlackTeam "Croatia"]
[WhiteTeamCountry "AUT"]
[BlackTeamCountry "CRO"]

{[%evp 19,82,27,31,31,34,27,40,36,36,10,15,0,0,0,0,0,0,0,0,-38,-4,-28,-20,-21,-6,-3,0,-70,-52,-39,-16,-16,-16,-16,-16,-16,6,0,7,6,6,0,23,0,29,0,0,0,0,0,0,0,0,0,0,0,0,0,0,0,0,0,0,0,0]} 1. Nf3 d5 2. d4 Nf6 3. c4 e6 4. Nc3 a6 5. cxd5 exd5 6. Bg5 {D37: Queen's Gambit Declined: 5 Bf4} Be6 7. e3 Nbd7 8. Bd3 Bd6 9. O-O (9. Bf4 Qe7 10. O-O O-O 11. h3 Rfe8 12. Qc2 {½-½ (12) Aronian,L (2805)-Carlsen,M (2837) Riadh 2017}) 9... O-O 10. Qc2 h6 {LiveBook: 8 Games} 11. Bf4 Qe7 12. Rac1 c6 13. Bxd6 Qxd6 14. Nh4 $146 Rfe8 15. Nf5 Bxf5 16. Bxf5 Re7 17. a3 Nb6 18. Ne2 g6 19. Bh3 Nc4 20. g3 h5 21. Nf4 Kg7 22. Rfe1 h4 23. Bg2 ({White should play} 23. gxh4 $11 Rh8 24. Ng2) 23... hxg3 24. hxg3 Ne4 25. Bxe4 Rxe4 26. Kg2 Rh8 27. Qe2 $1 Qe7 {[#] White must now prevent ...Rxe3!} 28. Rh1 Rxh1 29. Rxh1 Qg5 30. a4 Nd6 31. Qf3 Re8 32. Nd3 a5 {The position is equal.} 33. Ne5 f6 34. Nd3 Qf5 35. Qxf5 Nxf5 $11 {[%mdl 4096] Endgame KRN-KRN} 36. Rc1 Nd6 37. Nc5 g5 38. g4 Re7 39. Kg3 Nc4 40. b3 Nd6 41. Kf3 Re8 {Precision: White = 43%, Black = 49%.} 1/2-1/2

[Event "36th Mitropa Cup Open 2018"]
[Site "Isola Capo Rizzuto"]
[Date "2018.05.31"]
[Round "1.7"]
[White "Tica, Sven"]
[Black "Blohberger, Felix"]
[Result "0-1"]
[WhiteElo "2444"]
[BlackElo "2423"]
[Annotator "TA"]
[PlyCount "96"]
[EventDate "2018.05.31"]
[EventType "team-tourn"]
[EventCountry "ITA"]
[SourceTitle "playchess.com"]
[Source "ChessBase"]
[SourceQuality "1"]
[WhiteTeam "Croatia"]
[BlackTeam "Austria"]
[WhiteTeamCountry "CRO"]
[BlackTeamCountry "AUT"]

{[%evp 19,96,8,23,20,23,-83,-66,-66,-66,-66,-60,-102,-88,-134,-55,-54,-62,-91,-78,-114,-114,-124,-71,-72,-62,-73,-62,-86,-84,-83,-84,-118,-98,-116,-130,-579,-251,-238,-165,-395,-406,-369,-348,-392,-387,-366,-318,-305,-279,-428,-438,-650,-630,-573,-557,-1991,-1978,-1822,-1789,-1917,0,-905,0,-777,-1921,-1830,-1790,-1690,-1636,-4962,-4954,-1938,-546,-517,-481,-485,-477,-472,-481]} 1. d4 Nf6 2. c4 e6 3. g3 Bb4+ 4. Bd2 Be7 5. Bg2 d5 6. Nf3 O-O 7. Qc2 Nbd7 8. O-O c6 9. b3 Ne4 {E11: Bogo-Indian} (9... b6 10. Rd1 a5 11. Bc3 Bb7 12. Nbd2 Qc7 13. Rac1 c5 14. Bb2 dxc4 15. Nxc4 b5 16. Nce5 Nxe5 17. Nxe5 Bxg2 18. Kxg2 {0-1 (55) Inarkiev,E (2727)-Jakovenko,D (2718) Poikovsky 2017}) 10. Nc3 f5 {LiveBook: 3 Games} 11. Bf4 g5 {The position is equal.} 12. Be5 (12. Be3 $11) 12... g4 13. Ne1 $146 ({Predecessor:} 13. Nd2 Nxd2 14. Qxd2 Nxe5 15. dxe5 dxc4 {0-1 (57) Szepes,T (2078)-Rigo,J (2313) Hungary 2010}) 13... Nxe5 14. dxe5 Qa5 15. Bxe4 dxe4 16. Nxe4 Qxe5 ({Better is} 16... fxe4 $17 17. Qxe4 Kh8) 17. Nc3 $15 Qg7 18. e4 e5 19. exf5 Bxf5 20. Qe2 Bc5 (20... e4 $142 $1 21. Rc1 Bg5) 21. Ng2 $17 Bd4 22. Rac1 Rad8 $36 {[%mdl 2048] White is under pressure.} 23. Ne4 c5 24. Nh4 Bd7 25. Kg2 h5 26. Rce1 Bc6 27. f3 $2 {[%mdl 8192] [#]} (27. Kg1 $17 {is tougher.}) 27... gxf3+ (27... Rf4 $142 $1 {[%mdl 512]} 28. Qd3 (28. gxf4 gxf3+) 28... gxf3+ 29. Nxf3 h4) 28. Rxf3 $19 Rxf3 29. Qxf3 $2 (29. Nxf3 h4 30. Nxh4) 29... Rf8 30. Qxh5 {[#] next Nf5 is good for White.} Rf4 $1 31. Nf5 Rxe4 32. Nxg7 Rxe1+ 33. Kh3 {White wants to mate with Ne6.} Kxg7 34. Qg5+ (34. Qg4+ {was necessary.} Kf7 35. a3) 34... Kf7 35. g4 (35. Qh5+ $142 Ke7 36. g4) 35... Rf1 {( -> ...Rf3+)} 36. Qh5+ Ke6 {...Rf3+ is the strong threat.} 37. g5 Rf3+ 38. Kg4 Rf4+ 39. Kh3 Rf3+ (39... e4 $142 40. Qe2 e3) 40. Kg4 $1 Rf4+ 41. Kh3 $1 e4 {[%cal Be5e4,Be4e3,Be3e2][%mdl 32] Black is clearly winning.} 42. g6 e3 43. Qh6 Rf3+ 44. Kh4 e2 45. g7+ Kf7 (45... Ke5 $142 46. Qd2 Kf5 47. Qg5+ Ke4) 46. g8=Q+ Kxg8 47. Qe6+ Kf8 48. Qxe2 Rf2 {Precision: White = 41%, Black = 59%.} 0-1

[Event "36th Mitropa Cup Open 2018"]
[Site "Isola Capo Rizzuto"]
[Date "2018.05.31"]
[Round "1.8"]
[White "Kreisl, Robert"]
[Black "Srbis, Jurica"]
[Result "0-1"]
[WhiteElo "2402"]
[BlackElo "2416"]
[Annotator "TA"]
[PlyCount "110"]
[EventDate "2018.05.31"]
[EventType "team-tourn"]
[EventCountry "ITA"]
[SourceTitle "playchess.com"]
[Source "ChessBase"]
[SourceQuality "1"]
[WhiteTeam "Austria"]
[BlackTeam "Croatia"]
[WhiteTeamCountry "AUT"]
[BlackTeamCountry "CRO"]

{[%evp 23,110,64,82,80,87,66,69,25,14,38,95,95,90,97,96,92,97,96,212,216,207,195,207,212,260,262,247,200,186,131,130,128,313,152,148,96,229,0,0,0,0,0,0,0,0,0,0,0,0,0,-13,-22,0,0,0,0,0,-156,-154,-150,-147,-132,-141,-155,-141,-419,-411,-361,-25,-49,-41,-564,-556,-560,-560,-502,-349,-560,-519,-1891,-1715,-5177,-5177,-5177,-2777,-29979,-29981,-29980,-29981]} 1. Nf3 Nf6 2. c4 g6 3. Nc3 Bg7 4. d4 O-O 5. e4 d6 6. Be2 e5 7. d5 a5 8. Bg5 h6 9. Be3 Na6 {E92: Königsindisch (Klassisches System)} (9... Ng4 10. Bd2 f5 11. h3 Nf6 12. exf5 gxf5 13. Qc1 f4 14. g3 e4 15. Nh4 e3 16. fxe3 fxg3 17. Ng6 {½-½ (69) Erdos,V (2628)-Amin,B (2680) Tbilisi 2017}) 10. Nd2 Qe8 11. h4 h5 12. f3 Bd7 {LiveBook: 3 Partien} 13. g4 Nc5 14. Nb3 $146 ({Vorgänger:} 14. Rg1 c6 15. Nb3 cxd5 16. Nxd5 Ne6 17. Nxf6+ Bxf6 18. gxh5 Bxh4+ {0-1 (38) Sadilek,P (2339)-Popovic,D (2507) Graz 2015}) 14... Na4 15. Nxa4 Bxa4 16. Qd3 c6 (16... hxg4 $14 17. fxg4 Bd7) 17. g5 $16 Nh7 18. dxc6 Qxc6 19. Nd2 $1 {[%cal Bb3d2,Bd2b1,Bb1c3,Bc3b5][%mdl 32] Und weiter mit b3 wäre nett.} Qc7 20. Nb1 f5 (20... Bc6 $16) 21. Nc3 $18 Bc6 22. Nb5 fxe4 23. fxe4 (23. Nxc7 exd3 24. Bxd3 Bxf3 $14) 23... Bxb5 24. cxb5 Rac8 25. Rd1 Kh8 26. Rf1 (26. Qxd6 $6 Qc2 $16) ({Günstiger ist} 26. a3 $18) 26... Rxf1+ 27. Bxf1 Qf7 $2 (27... Qd7 $16 28. Bf2 (28. Qxd6 Qg4 $14) 28... Qf7) 28. b3 ({Schwächer ist} 28. Qxd6 Nf8 $14) (28. Qd5 $18 Qxd5 29. Rxd5) 28... Nf8 29. Rc1 ({Ein No Go ist} 29. Qxd6 $6 Qf3 $11) ({Besser ist} 29. Qd5 Ne6 30. Kd2) 29... Rd8 (29... Re8 $16) 30. Bb6 $2 (30. Qd5 $1 $18 {[%cal Rd5f7]} Ne6 31. Kd2) 30... Qf4 $11 31. Bxd8 Qxc1+ 32. Qd1 $1 {[%cal Rd1c1]} Qe3+ 33. Qe2 Qf4 34. Bxa5 Qxh4+ 35. Kd1 Ne6 36. Bd2 Nxg5 37. Qg2 Bf6 $36 {[%mdl 2048] Weiss steht unter Druck.} 38. a4 {Und a5 würde nun gewinnen.} Kg7 ({Viel schwächer wäre} 38... Qxe4 39. Bxg5 Qb1+ 40. Ke2 $16) 39. a5 {Schwarz muss nun a6 beachten.} Nxe4 40. Be1 $2 (40. Bd3 $11 Nxd2 41. Qxg6+ Kf8 42. Qh6+ Ke8 43. Qg6+ Kd7 44. Qf7+ Be7 45. Kxd2) 40... Qf4 $17 41. Bd3 d5 {zielt auf ...De3 ab.} 42. a6 bxa6 $1 43. bxa6 Qe3 44. Qe2 $2 {[%mdl 8192]} (44. Qc2 $17 Qb6 45. b4) 44... Qd4 $19 45. Kc2 Qa1 $2 ({Lieber} 45... Qc5+ $19 46. Kd1 Nc3+ 47. Bxc3 Qxc3) 46. Bxe4 $11 dxe4 47. Bc3 $2 {[%mdl 8192] [#]} ({Der einzige Zug:} 47. Bd2 $1 $15) 47... Qa2+ $1 $19 48. Bb2 {[#]} e3 $1 49. Kc1 (49. Qxe3 e4) 49... Kh6 50. Qb5 $2 {[#]} (50. Qf1 {ist wohl besser.} Be7 51. Kc2) 50... h4 $1 51. Qa4 {[#]} (51. Qf1 $142 e2 52. Qxe2) 51... e2 $1 {[%mdl 512]} 52. Qxa2 e1=Q+ 53. Kc2 Qe2+ 54. Kb1 Qd3+ 55. Ka1 Qf1+ {Precision: Weiß = 46%, Schwarz = 41%.} 0-1